[Event "Terre degli Elimi op 6th"]
[Site "Erice"]
[Date "2015.07.28"]
[Round "1"]
[White "Bleys, Michiel"]
[Black "Varriale, Luca"]
[Result "0-1"]
[WhiteElo "1880"]
[BlackElo "2142"]
[PlyCount "43"]
[EventDate "2015.07.28"]
[EventType "swiss"]
[EventRounds "9"]
[EventCountry "ITA"]
[SourceTitle "EXT 2017"]
[Source "ChessBase"]
[SourceDate "2016.10.25"]
[SourceVersion "1"]
[SourceVersionDate "2016.10.25"]
[SourceQuality "1"]

1. d4 Nf6 2. c4 e6 3. Nf3 c5 4. d5 b5 5. dxe6 fxe6 6. cxb5 d5 7. Nbd2 Bd6 8. e4 Bf4 9. g3 Bh6 10. Bg2 a6 11. Qe2 0-0 12. b6 Qxb6 13. 0-0 a5 14. Re1 Ba6 15. Qd1 Nc6 16. a3 Rad8 17. Qb3 Qxb3 18. Nxb3 Nxe4 19. Bxh6 gxh6 20. Nfd2 Nxd2 21. Nxd2 Nd4 22. Rac1 0-1

[Event "Ghent Taminco op 37th"]
[Site "Ghent"]
[Date "2014.07.19"]
[Round "2"]
[White "Ernst, Thomas"]
[Black "Bleys, Michiel"]
[Result "1-0"]
[WhiteElo "2364"]
[BlackElo "1766"]
[PlyCount "99"]
[EventDate "2014.07.19"]
[EventType "swiss"]
[EventRounds "9"]
[EventCountry "BEL"]
[SourceTitle "CBM 161 Extra"]
[Source "ChessBase"]
[SourceDate "2014.08.29"]
[SourceVersion "1"]
[SourceVersionDate "2014.08.29"]
[SourceQuality "1"]

1. e4 c5 2. Nf3 e6 3. d4 cxd4 4. Nxd4 a6 5. Bd3 Bc5 6. Nb3 Be7 7. 0-0 d6 8. Qg4 g6 9. Qe2 Nd7 10. c4 b6 11. Nc3 Bb7 12. f4 Qc7 13. Bd2 Ngf6 14. Rae1 Nc5 15. Nxc5 bxc5 16. e5 Nd7 17. exd6 Bxd6 18. Ne4 Be7 19. Ng5 Nf6 20. Nxf7 Kxf7 21. Qxe6+ Kf8 22. f5 g5 23. Ba5 Qd7 24. Bc2 Qxe6 25. fxe6 Kg7 26. Rf5 h6 27. Ref1 Rhf8 28. Bc3 Bc8 29. a3 Ra7 30. Re1 a5 31. h4 g4 32. Rf4 Kg8 33. Ref1 Bxe6 34. Bxf6 Bd6 35. Re4 Bc8 36. Be5 Rxf1+ 37. Kxf1 Bf8 38. Re3 Rf7+ 39. Ke2 Be7 40. g3 Bb7 41. Bg6 Rf3 42. Rxf3 Bxf3+ 43. Ke3 Bf8 44. Bd3 Kf7 45. Kf4 Be7 46. Be4 Bxe4 47. Kxe4 Ke6 48. h5 Bg5 49. b3 Bc1 50. Bf4 1-0